| 000 | 00455nam a2200169Ia 4500 | ||
|---|---|---|---|
| 008 | 230711s9999||||xx |||||||||||||| ||und|| | ||
| 020 | _a978-1-138-29337-3 | ||
| 041 | _aENG | ||
| 082 |
_a729 _bPL-R |
||
| 100 | _aPlowright,Philip D | ||
| 245 | 0 | _aRevealing Architectural Design : Methods,Franeworks and Tools | |
| 250 | _a1st Ed. | ||
| 260 |
_c2014 _aLondon _bRoutledge Taylor & Franic Group |
||
| 300 | _a338p. | ||
| 650 | _aArchitecture | ||
| 942 | _cBK | ||
| 999 |
_c6831 _d6831 |
||